| 000 | 00393nam a2200169Ia 4500 | ||
|---|---|---|---|
| 008 | 180921t1975 xxu||||| |||| 00| 0 eng d | ||
| 041 | _aeng | ||
| 080 |
_a651.52 _bPER |
||
| 100 | _aPerera, Lawrence | ||
| 245 | _aTypewriting in 3 weeks | ||
| 260 |
_b _c1975 |
||
| 300 | _a23p., 26 cm | ||
| 650 | _aStenography | ||
| 942 | _cBK | ||
| 999 |
_c18693 _d18693 |
||
| 003 | LK-CoDNM | ||
| 040 |
_aLK-CoDNM _dLK-CoDNM _eLK-CoDNM |
||